United Kingdom City Quiz - Statistics

General Stats
  • This quiz has been taken 69 times
  • The average score is 23 of 28
Answer Stats
City % Correct
Birmingham
100%
London
98%
Manchester
98%
Liverpool
97%
Leeds
95%
Edinburgh
93%
Cardiff
92%
Glasgow
92%
Newcastle upon Tyne
92%
Bristol
86%
Sheffield
85%
Southampton
85%
Belfast
83%
Nottingham
83%
Portsmouth
83%
Plymouth
81%
Brighton and Hove
78%
Leicester
78%
Coventry
75%
Norwich
75%
Kingston upon Hull
73%
Bradford
71%
Derby
66%
Wolverhampton
66%
Stoke-on-Trent
63%
Northampton
61%
Luton
59%
Reading
59%
No matching quizzes found
Score Distribution
Percent of People with Each Score
Percentile by Number Answered
Your Score History
You have not taken this quiz